[Event "24th European Teams"]
[Site "Budva MNE"]
[Date "2023.11.20"]
[Round "9.7"]
[White "Wojtaszek, Radoslaw"]
[Black "Schitco, Ivan"]
[Result "1/2-1/2"]
[WhiteElo "2668"]
[BlackElo "2503"]
[EventDate "2023.11.11"]
[Board "1"]

1. d4 Nf6 2. c4 e6 3. Nc3 Bb4 4. e3 O-O 5. Bd3 Re8 6. Ne2 d5 7. O-O Bf8 8.
e4 dxe4 9. Nxe4 Nxe4 10. Bxe4 Nd7 11. Be3 c6 12. Qc2 g6 13. Rad1 Qc7 14. c5
e5 15. d5 cxd5 16. Bxd5 Nf6 17. Nc3 Bf5 18. Qa4 Be6 19. Bf3 Bxc5 20. Nb5
Qe7 21. Bg5 e4 22. Bxe4 Bg4 23. Rde1 Rac8 24. Nc3 Qe5 25. Bh4 b5 26. Qxb5
Nxe4 27. Rxe4 Bxf2+ 28. Bxf2 Qxb5 29. Nxb5 Rxe4 30. Nd6 Re2 1/2-1/2

[Event "24th European Teams"]
[Site "Budva MNE"]
[Date "2023.11.20"]
[Round "9.15"]
[White "Bogner, Sebastian"]
[Black "Risteski, Emil"]
[Result "1-0"]
[WhiteElo "2536"]
[BlackElo "2379"]
[EventDate "2023.11.11"]
[Board "2"]

1. Nf3 Nf6 2. c4 g6 3. Nc3 Bg7 4. e4 d6 5. d4 O-O 6. Be2 Nbd7 7. Be3 e5 8.
d5 Ng4 9. Bg5 f6 10. Bh4 Nh6 11. Nd2 Nf7 12. b4 Bh6 13. Nb3 Ng5 14. O-O f5
15. Kh1 Nf6 16. f3 Nf7 17. exf5 gxf5 18. c5 Nh8 19. Bf2 Ng6 20. g3 Bg7 21.
Qc2 e4 22. f4 h5 23. Bd4 h4 24. cxd6 cxd6 25. Qd2 hxg3 26. hxg3 Qe7 27. Na5
Re8 28. Nc4 e3 29. Qd3 Ne4 30. Nxe4 fxe4 31. Qxe3 Bxd4 32. Qxd4 b5 33. Ne3
Qh7+ 34. Kg1 Rf8 35. Rf2 Bh3 36. Rh2 Nxf4 37. gxf4 Rxf4 38. Kh1 Rh4 39.
Rg1+ Kf7 40. Bg4 a5 41. Nf5 Bg2+ 42. Rxg2 1-0

[Event "24th European Teams"]
[Site "Budva MNE"]
[Date "2023.11.20"]
[Round "9.17"]
[White "Djurovic, Peko"]
[Black "Asllani, Muhamet"]
[Result "1-0"]
[WhiteElo "2344"]
[BlackElo "2216"]
[EventDate "2023.11.11"]
[Board "3"]

1. e4 c6 2. d4 d5 3. e5 Bf5 4. h4 h6 5. g4 Bh7 6. e6 fxe6 7. Bd3 Bxd3 8.
Qxd3 Nf6 9. Bf4 Qa5+ 10. Nd2 c5 11. dxc5 Nc6 12. Qg6+ Kd7 13. Nf3 Qb4 14.
c4 dxc4 15. a3 Qa4 16. Ne4 Nd5 17. Rd1 c3 18. bxc3 Qc4 19. Ne5+ Nxe5 20.
Bxe5 b5 21. Rd4 Qa2 22. c6+ 1-0